[Event "Titled Tue 20th May Late"]
[Site "chess.com INT"]
[Date "2025.05.20"]
[Round "2"]
[White "Praggnanandhaa, R"]
[Black "Brzezina, Piotr"]
[Result "1-0"]
[WhiteTitle "GM"]
[BlackTitle "FM"]
[WhiteElo "2758"]
[BlackElo "2301"]
[WhiteFideId "25059530"]
[BlackFideId "21078874"]
[EventDate "2025.05.20"]

1. b3 e5 2. Bb2 Nc6 3. e3 Nf6 4. Bb5 Bd6 5. Na3 Na5 6. Be2 Qe7 7. Nb5 Nc6 8. Nf3
O-O 9. O-O a6 10. Nxd6 Qxd6 11. d4 e4 12. Ne5 Qe7 13. Nc4 d5 14. Ba3 Qe8 15.
Bxf8 Qxf8 16. Nd2 Ne7 17. c4 c6 18. Rc1 Be6 19. Nb1 Nf5 20. cxd5 Nxd5 21. Nc3
Nxc3 22. Rxc3 Bd5 23. Bc4 Ne7 24. b4 Bxc4 25. Rxc4 Nd5 26. Qb3 f5 27. a4 f4 28.
Rc5 f3 29. Rxd5 cxd5 30. Qxd5+ Kh8 31. Qxe4 fxg2 32. Kxg2 Qxb4 33. Rc1 Qxa4 34.
Qxb7 Rg8 35. Rc6 a5 36. Ra6 Qa2 37. d5 Rf8 38. Qf7 Rg8 39. Ra7 a4 40. d6 Qd2 41.
d7 Qd3 42. Qxg8+ Kxg8 43. Ra8+ Kf7 44. d8=Q 1-0

[Event "Titled Tue 20th May Late"]
[Site "chess.com INT"]
[Date "2025.05.20"]
[Round "2"]
[White "Ugarte Soto, Cesar"]
[Black "Liu, Casper"]
[Result "0-1"]
[WhiteTitle "CM"]
[BlackTitle "FM"]
[WhiteElo "2088"]
[BlackElo "2325"]
[WhiteFideId "3601331"]
[BlackFideId "1454153"]
[EventDate "2025.05.20"]

1. d4 d5 2. Bf4 Nf6 3. e3 Bg4 4. Be2 Bxe2 5. Qxe2 e6 6. Nf3 c5 7. c3 Nc6 8. Nbd2
Qb6 9. Rb1 Rc8 10. O-O h6 11. h3 Be7 12. Ne5 O-O 13. Bg3 Nxe5 14. Bxe5 Nd7 15.
Bg3 Bd6 16. f4 Rfe8 17. Qh5 Nf6 18. Qf3 a5 19. Bh4 Be7 20. f5 cxd4 21. exd4 e5
22. Kh1 exd4 23. Bf2 Bc5 24. Nb3 Ne4 25. Nxc5 Qxc5 26. Bxd4 Qd6 27. f6 g6 28.
Kg1 Nd2 29. Qf2 Nxb1 30. Qh4 Kh7 31. Rxb1 Re4 32. Qf2 Rce8 33. Qf3 Qf4 34. Qd3
Re1+ 0-1

[Event "Titled Tue 20th May Late"]
[Site "chess.com INT"]
[Date "2025.05.20"]
[Round "2"]
[White "Moreira, Ronaldo Alonso"]
[Black "Bogaudinov, Rushan"]
[Result "0-1"]
[BlackTitle "FM"]
[WhiteElo "2097"]
[BlackElo "1912"]
[WhiteFideId "2110547"]
[BlackFideId "4129288"]
[EventDate "2025.05.20"]

1. d4 d5 2. c4 dxc4 3. Nf3 e6 4. e3 Nf6 5. Bxc4 Be7 6. O-O O-O 7. Nc3 a6 8. Qe2
b5 9. Bb3 Bb7 10. Rd1 Nbd7 11. Ne5 Qc8 12. f4 Nxe5 13. dxe5 Nd7 14. Bd2 Nc5 15.
Bc2 b4 16. Na4 Ne4 17. Rac1 Rd8 18. Nb6 cxb6 19. Bxe4 Bxe4 20. Rxc8 Rdxc8 21.
Rc1 b5 22. Kf2 g6 23. Qe1 h5 24. Rxc8+ Rxc8 25. Bxb4 Rc2+ 26. Kf1 Bd3+ 0-1

[Event "Titled Tue 20th May Late"]
[Site "chess.com INT"]
[Date "2025.05.20"]
[Round "2"]
[White "Moosavifar, Seyed Abolfazl"]
[Black "Rao, Anjaneya Sripathy"]
[Result "1-0"]
[WhiteTitle "FM"]
[BlackTitle "CM"]
[WhiteElo "2303"]
[BlackElo "2173"]
[WhiteFideId "42548195"]
[BlackFideId "30954770"]
[EventDate "2025.05.20"]

1. e4 e6 2. g3 d5 3. exd5 exd5 4. d4 Be7 5. Bg2 Nf6 6. Ne2 Bf5 7. O-O Qd7 8. Nf4
c6 9. Nd3 Bh3 10. Ne5 Qc8 11. Re1 Bxg2 12. Kxg2 O-O 13. Nd2 Qc7 14. c3 a5 15. a4
Bd6 16. Ndf3 Ne4 17. Bf4 Nd7 18. Nd3 Bxf4 19. Nxf4 Rfe8 20. Qd3 h6 21. Nd2 Ndf6
22. f3 Nd6 23. h4 Nd7 24. Nf1 Nf8 25. Ne3 Ne6 26. Nh3 g6 27. h5 Nf8 28. Ng4 Kg7
29. hxg6 fxg6 30. Ne5 Re7 31. Nf4 Nf5 32. Nfxg6 Nxg6 33. Qxf5 Nxe5 34. Rxe5 Rf8
35. Qg4+ Kh8 36. Rae1 Rg7 37. Qh4 1-0

[Event "Titled Tue 20th May Late"]
[Site "chess.com INT"]
[Date "2025.05.20"]
[Round "2"]
[White "Danzer, George"]
[Black "Van Tellingen, Frank"]
[Result "1-0"]
[WhiteTitle "CM"]
[BlackTitle "FM"]
[WhiteElo "2172"]
[BlackElo "2265"]
[WhiteFideId "4659465"]
[BlackFideId "1011421"]
[EventDate "2025.05.20"]

1. e4 c5 2. Nf3 d6 3. d4 cxd4 4. Nxd4 Nf6 5. Nc3 a6 6. Bg5 e6 7. f4 Be7 8. Qf3
Qa5 9. O-O-O Bd7 10. Bd3 Nc6 11. Nb3 Qc7 12. Kb1 h6 13. Bh4 Nxe4 14. Nxe4 Bxh4
15. Qg4 Bf6 16. Nxf6+ gxf6 17. Qg7 Ke7 18. Qg3 Rhg8 19. Qf2 Nb4 20. Nd4 Nxd3 21.
Rxd3 Bc6 22. Re1 Rxg2 23. Qh4 Bd5 24. b3 b5 25. Qxh6 Rag8 26. Qh7 Kf8 27. Qh6+
Ke7 28. Qh7 Rg1 29. Rxg1 Rxg1+ 30. Kb2 f5 31. Nxf5+ exf5 32. Rxd5 Rg2 33. Qxf5
Qd7 34. Qe4+ Qe6 35. Qxg2 Qf6+ 36. c3 Kd7 37. Qe4 b4 38. Qd3 bxc3+ 39. Qxc3 Qxf4
40. Rd2 Ke6 41. a4 d5 42. Qd3 d4 43. Qxd4 Qxd4+ 44. Rxd4 Ke5 45. Rd2 1-0

[Event "Titled Tue 20th May Late"]
[Site "chess.com INT"]
[Date "2025.05.20"]
[Round "2"]
[White "Perez Rojas, Jorge"]
[Black "Sanhueza, Cristian"]
[Result "1-0"]
[WhiteTitle "FM"]
[BlackTitle "FM"]
[WhiteElo "2100"]
[BlackElo "2182"]
[WhiteFideId "3452093"]
[BlackFideId "116815"]
[EventDate "2025.05.20"]

1. e4 e5 2. Nc3 Nf6 3. Bc4 Bc5 4. d3 d6 5. f4 Nc6 6. Nf3 Bg4 7. Na4 Qe7 8. Nxc5
dxc5 9. O-O O-O-O 10. Qe1 Bxf3 11. Rxf3 Nd4 12. Rf2 Ng4 13. Rd2 exf4 14. c3 Nc6
15. h3 Nge5 16. Bd5 f3 17. d4 cxd4 18. cxd4 Ng6 19. Bxc6 bxc6 20. gxf3 f5 21. e5
Nh4 22. Qg3 f4 23. Qg4+ Kb8 24. Rd3 h5 25. Qxf4 Rhf8 26. Qe4 Rd5 27. Bd2 g5 28.
Rf1 Qe6 29. f4 gxf4 30. Bxf4 Rg8+ 31. Kh2 Nf5 32. Rf2 Rgd8 33. Rfd2 c5 34. dxc5
Rxd3 35. Rxd3 Rxd3 36. Qxd3 Ne7 37. Qb3+ 1-0

[Event "Titled Tue 20th May Late"]
[Site "chess.com INT"]
[Date "2025.05.20"]
[Round "2"]
[White "Kracht, Raphael"]
[Black "Pavlov, Nikolay"]
[Result "1-0"]
[WhiteTitle "CM"]
[BlackTitle "FM"]
[WhiteElo "2194"]
[BlackElo "2316"]
[WhiteFideId "16214382"]
[BlackFideId "24141470"]
[EventDate "2025.05.20"]

1. d4 Nf6 2. Bg5 d6 3. Bxf6 gxf6 4. e3 c5 5. c4 Bg7 6. Nc3 f5 7. Nf3 Nd7 8. Be2
Nf6 9. O-O O-O 10. Qc2 e6 11. Rfd1 Qe7 12. Rac1 Bd7 13. a3 Rac8 14. b4 Rfd8 15.
Qb3 b6 16. h3 Bc6 17. d5 Bb7 18. bxc5 Rxc5 19. dxe6 fxe6 20. Nd4 Nd7 21. Bf3
Bxf3 22. Nxf3 Rdc8 23. Nb5 d5 24. Nxa7 Ra8 25. Nb5 Ra5 26. a4 dxc4 27. Rxc4 Rxc4
28. Qxc4 Nc5 29. Rd6 Rxb5 30. Qxb5 Qxd6 31. Qe8+ Qf8 32. Qc6 Qb8 33. Ng5 Qe5 34.
Qe8+ Bf8 35. Qf7+ 1-0

[Event "Titled Tue 20th May Late"]
[Site "chess.com INT"]
[Date "2025.05.20"]
[Round "2"]
[White "Holinka, Henning"]
[Black "Kravtsiv, Martyn"]
[Result "0-1"]
[WhiteTitle "FM"]
[BlackTitle "GM"]
[WhiteElo "2303"]
[BlackElo "2598"]
[WhiteFideId "12967084"]
[BlackFideId "14113147"]
[EventDate "2025.05.20"]

1. Nf3 Nf6 2. g3 d5 3. Bg2 e6 4. O-O Be7 5. c4 O-O 6. d4 c6 7. Qc2 b6 8. Nbd2
Bb7 9. b3 c5 10. Bb2 Nc6 11. Rac1 Rc8 12. cxd5 Nxd5 13. Qb1 cxd4 14. Nxd4 Nxd4
15. Bxd4 Rxc1 16. Rxc1 Nf4 17. gxf4 Bxg2 18. Kxg2 Qxd4 19. Ne4 f5 20. Ng3 Qxf4
21. e3 Qe5 22. Qd3 Bc5 23. Rc4 a5 24. Ne2 h6 25. Nf4 Kh7 26. Qe2 Rd8 27. Qh5 Qf6
28. Qf3 Rd2 29. Rc1 Rxa2 30. Rd1 e5 31. Nh5 Qg5+ 32. Ng3 Bxe3 33. Qxe3 0-1

[Event "Titled Tue 20th May Late"]
[Site "chess.com INT"]
[Date "2025.05.20"]
[Round "2"]
[White "Tymrakiewicz, Rafal"]
[Black "Erigaisi, Arjun"]
[Result "0-1"]
[WhiteTitle "FM"]
[BlackTitle "GM"]
[WhiteElo "2189"]
[BlackElo "2782"]
[WhiteFideId "1108832"]
[BlackFideId "35009192"]
[EventDate "2025.05.20"]

1. e4 b6 2. d4 Bb7 3. Nd2 e6 4. Bd3 d5 5. e5 c5 6. c3 Nc6 7. Ndf3 Be7 8. Ne2 g5
9. h3 h5 10. h4 gxh4 11. Be3 Nh6 12. Bxh6 Rxh6 13. Qd2 Rh8 14. O-O-O c4 15. Bc2
b5 16. Nf4 b4 17. Qe3 Qa5 18. a4 b3 19. Bb1 Qxa4 20. Nxd5 exd5 21. e6 f6 22.
Bg6+ Kd8 23. Kd2 Qa2 24. Rb1 Kc7 25. Ke2 Rag8 26. Nxh4 Kb8 27. Qf4+ Ka8 28. Qc1
Qa5 29. Ra1 Qc7 30. g3 Bd6 31. Rg1 Nd8 32. Bf5 Re8 33. Qe3 Bc8 34. Kf1 Nxe6 35.
Qf3 Bb7 36. Bxe6 Rxe6 37. Nf5 Qd8 38. Rh1 Bb8 39. Kg2 Qg8 40. Rhe1 Rxe1 41. Rxe1
Qg4 42. Qxg4 hxg4 43. Ne7 Re8 44. Nc6 Rxe1 0-1

[Event "Titled Tue 20th May Late"]
[Site "chess.com INT"]
[Date "2025.05.20"]
[Round "2"]
[White "Bressy, Theo"]
[Black "Szpar, Milosz"]
[Result "0-1"]
[WhiteTitle "FM"]
[BlackTitle "IM"]
[WhiteElo "2199"]
[BlackElo "2475"]
[WhiteFideId "26022842"]
[BlackFideId "1184989"]
[EventDate "2025.05.20"]

1. e4 e6 2. d4 d5 3. Nc3 Nf6 4. e5 Nfd7 5. f4 c5 6. Nf3 Nc6 7. Be3 Be7 8. Qd2
O-O 9. dxc5 Qa5 10. Bd3 Nxc5 11. O-O Nxd3 12. cxd3 Bd7 13. a3 Rac8 14. b4 Qd8
15. Nd4 a5 16. b5 Nxd4 17. Bxd4 Bc5 18. Qf2 b6 19. a4 Qe7 20. Ne2 Rc7 21. h3
Rfc8 22. Rfc1 Be8 23. g4 f6 24. Qe3 Bg6 25. exf6 gxf6 26. f5 exf5 27. Qxe7 Rxe7
28. Bxc5 bxc5 29. Nf4 d4 30. Nd5 Rb7 31. gxf5 Bxf5 32. Ra3 Kg7 33. Rf1 Bxh3 34.
Rxf6 Rd8 35. Rb6 Rf7 0-1

[Event "Titled Tue 20th May Late"]
[Site "chess.com INT"]
[Date "2025.05.20"]
[Round "2"]
[White "Gelman, Alexander"]
[Black "Meylan, Andre"]
[Result "1-0"]
[WhiteTitle "IM"]
[BlackTitle "CM"]
[WhiteElo "2403"]
[BlackElo "2138"]
[WhiteFideId "4118316"]
[BlackFideId "1301225"]
[EventDate "2025.05.20"]

1. d4 Nf6 2. Nc3 e6 3. Bf4 c5 4. e3 b6 5. Qf3 d5 6. O-O-O c4 7. e4 Bb7 8. exd5
exd5 9. Bxc4 Be7 10. Nh3 O-O 11. Rhe1 Na6 12. Bb3 Rc8 13. Kb1 Bb4 14. Bg5 Bxc3
15. bxc3 Rc6 16. Nf4 Nc7 17. Nh5 Nce8 18. Ba4 b5 19. Bb3 Qd6 20. Nxf6+ Nxf6 21.
Bxf6 Qxf6 22. Bxd5 Qxf3 23. Bxf3 Rc7 24. Bxb7 Rxb7 25. a3 Rc8 26. Kb2 g6 27. d5
Rbc7 28. d6 Rd7 29. Rd5 a6 30. Re7 Rcd8 31. Rxd7 Rxd7 32. Kb3 f6 33. Kb4 Kf7 34.
Ka5 Ke6 35. Rd4 1-0

[Event "Titled Tue 20th May Late"]
[Site "chess.com INT"]
[Date "2025.05.20"]
[Round "2"]
[White "Marchesich, Giovanni"]
[Black "Kaasen, Tor Fredrik"]
[Result "0-1"]
[WhiteTitle "CM"]
[BlackTitle "IM"]
[WhiteElo "2219"]
[BlackElo "2471"]
[WhiteFideId "2824790"]
[BlackFideId "1516647"]
[EventDate "2025.05.20"]

1. Nf3 Nf6 2. g3 g6 3. Bg2 Bg7 4. O-O O-O 5. d4 d6 6. a4 Nbd7 7. Re1 a5 8. Nc3
e5 9. e4 b6 10. h3 Bb7 11. d5 Nc5 12. Nd2 Ba6 13. b3 Nfd7 14. Nc4 f5 15. exf5
gxf5 16. Nb5 Nf6 17. Be3 Nfe4 18. Qh5 Qd7 19. Bh6 Bxb5 20. axb5 Bxh6 21. Qxh6
Qxb5 22. Ne3 Qd7 23. g4 f4 24. Nf5 Rxf5 25. gxf5 Qxf5 26. Bf3 Kh8 27. Bg4 Rg8
28. Kh2 Qf7 29. Be6 Nxe6 30. dxe6 Qf5 31. Rxe4 Qxe4 32. Qf6+ Rg7 33. e7 Qg2# 0-1

[Event "Titled Tue 20th May Late"]
[Site "chess.com INT"]
[Date "2025.05.20"]
[Round "2"]
[White "Boyer, Mahel"]
[Black "Hoffman, Alejandro"]
[Result "1-0"]
[WhiteTitle "GM"]
[BlackTitle "GM"]
[WhiteElo "2521"]
[BlackElo "2354"]
[WhiteFideId "45102422"]
[BlackFideId "100340"]
[EventDate "2025.05.20"]

1. Nf3 d5 2. e3 Nf6 3. c4 e6 4. b3 Be7 5. Bb2 O-O 6. Nc3 c5 7. cxd5 exd5 8. d4
Nc6 9. Be2 Be6 10. O-O Rc8 11. dxc5 Bxc5 12. Rc1 Qe7 13. Na4 Bd6 14. Nd4 Rfd8
15. Nb5 Bb8 16. Ba3 Qe8 17. Nc5 a6 18. Nd4 Nxd4 19. Qxd4 Qe7 20. Nxe6 Qxe6 21.
Bb2 Rxc1 22. Rxc1 h6 23. g3 Bd6 24. Bf3 Qf5 25. Kg2 Bf8 26. Qb6 Rd7 27. Rc8 Nh7
28. Ba3 Qe6 29. Qc5 Re7 30. Bxd5 Qd7 31. Qxe7 Qxc8 32. Qxf7+ 1-0

[Event "Titled Tue 20th May Late"]
[Site "chess.com INT"]
[Date "2025.05.20"]
[Round "2"]
[White "Wiebe, Isaac"]
[Black "Gkavardinas, Antonios"]
[Result "0-1"]
[BlackTitle "FM"]
[WhiteElo "2085"]
[BlackElo "2313"]
[WhiteFideId "2623862"]
[BlackFideId "25883097"]
[EventDate "2025.05.20"]

1. d4 d5 2. c4 e6 3. Nc3 Be7 4. Nf3 Nf6 5. Bg5 Ne4 6. Bxe7 Qxe7 7. Rc1 O-O 8. e3
c6 9. Bd3 f5 10. O-O Nd7 11. a3 a5 12. Nd2 Kh8 13. f3 Nxd2 14. Qxd2 Nf6 15. f4
Bd7 16. c5 h6 17. Qe1 Rg8 18. Nb1 g5 19. Nd2 gxf4 20. exf4 Ne4 21. Nf3 Rg7 22.
Bxe4 fxe4 23. Ne5 Rag8 24. Rc2 Be8 25. Qxa5 Bg6 26. Nxg6+ Rxg6 27. Qe1 Qg7 28.
Qd2 e3 29. Qe2 Qxd4 30. g3 Qe4 31. Rc3 d4 32. Rc4 e5 33. fxe5 Qxe5 34. Rd1 Rxg3+
35. hxg3 Qxg3+ 36. Kh1 Qh3+ 37. Qh2 Qf3+ 38. Qg2 0-1

[Event "Titled Tue 20th May Late"]
[Site "chess.com INT"]
[Date "2025.05.20"]
[Round "2"]
[White "Petrus, Adrian"]
[Black "Di Benedetto, Guillermo"]
[Result "0-1"]
[BlackTitle "FM"]
[WhiteElo "2203"]
[BlackElo "2289"]
[WhiteFideId "14573652"]
[BlackFideId "111120"]
[EventDate "2025.05.20"]

1. e4 g6 2. d4 Bg7 3. Be3 c6 4. Qd2 d5 5. e5 f6 6. exf6 exf6 7. Nc3 Ne7 8. O-O-O
O-O 9. f3 Nf5 10. Bf2 Bh6 11. f4 Nd7 12. g4 Qc7 13. Nh3 Nd6 14. Kb1 b5 15. Rg1
Nb6 16. Bd3 Nbc4 17. Bxc4 bxc4 18. Qe2 Re8 19. Be3 Rb8 20. Qf3 Qa5 21. Bc1 Ne4
22. Nxe4 dxe4 23. Qe3 Be6 24. c3 Bd5 25. g5 fxg5 26. f5 Rf8 27. Nxg5 Rxf5 28.
Qg3 Rb7 29. h4 Bxg5 30. hxg5 Rf3 31. Qg4 Qd8 32. Rh1 Rxc3 33. Rdf1 Rf3 34. Rxf3
exf3 35. Rh2 c3 36. Qh4 cxb2 37. Bxb2 Qe8 38. Qf2 Qe4+ 39. Ka1 Qd3 40. Qc2 Qxc2
41. Rxc2 Re7 42. Rf2 Re2 43. Rf1 f2 44. Bc1 Bg2 0-1

[Event "Titled Tue 20th May Late"]
[Site "chess.com INT"]
[Date "2025.05.20"]
[Round "2"]
[White "Naranjo Moreno, Antonio"]
[Black "Ragger, Markus"]
[Result "0-1"]
[WhiteTitle "FM"]
[BlackTitle "GM"]
[WhiteElo "2289"]
[BlackElo "2566"]
[WhiteFideId "2278626"]
[BlackFideId "1610856"]
[EventDate "2025.05.20"]

1. e4 e5 2. Nf3 Nc6 3. Nc3 Nf6 4. d4 exd4 5. Nd5 Nb4 6. Nxf6+ Qxf6 7. Bc4 Bc5 8.
O-O O-O 9. e5 Qg6 10. a3 Nc6 11. b4 Bb6 12. Bd3 Qh5 13. Re1 d6 14. Bf4 dxe5 15.
Nxe5 Qxd1 16. Raxd1 Nxe5 17. Bxe5 Be6 18. Be4 c6 19. Bxd4 Rfd8 20. Be5 f6 21.
Bd6 Bg4 22. Bf3 Bxf3 23. gxf3 Rd7 24. Be7 Rd5 25. c4 Rg5+ 26. Kf1 a5 27. c5 Bc7
28. Rd7 Bxh2 29. Bd8 h5 30. Re8+ Kh7 31. Ree7 axb4 32. axb4 Ra2 0-1

[Event "Titled Tue 20th May Late"]
[Site "chess.com INT"]
[Date "2025.05.20"]
[Round "2"]
[White "Garcia Correa, Jose Ricardo"]
[Black "Wuebker, Paul-Luca"]
[Result "1-0"]
[WhiteTitle "FM"]
[BlackTitle "CM"]
[WhiteElo "2103"]
[BlackElo "2244"]
[WhiteFideId "5101832"]
[BlackFideId "12939528"]
[EventDate "2025.05.20"]

1. e4 Nc6 2. Nc3 Nf6 3. d4 d6 4. f3 g6 5. Be3 Bg7 6. Qd2 h5 7. Bc4 a6 8. a4 h4
9. a5 Nh5 10. Nge2 e5 11. Bb3 Nf4 12. Nxf4 exf4 13. Bf2 Qg5 14. Nd5 Kd8 15. Nxf4
Qe7 16. Nd5 Qe8 17. O-O-O Bd7 18. Rhe1 Kc8 19. Kb1 Rh5 20. h3 Bh6 21. Qc3 Bg7
22. Be3 Qd8 23. Re2 Be6 24. Rde1 Kb8 25. Bf2 Ka7 26. Nxc7 Qxc7 27. d5+ Kb8 28.
Qxg7 Bc8 29. Bb6 Qd7 30. dxc6 bxc6 31. Qxf7 Rg5 32. Qxd7 Bxd7 33. Rd2 d5 34.
exd5 Kb7 35. Re7 Re8 36. Rxd7+ Kc8 37. dxc6 1-0

[Event "Titled Tue 20th May Late"]
[Site "chess.com INT"]
[Date "2025.05.20"]
[Round "2"]
[White "Leinov, Roman"]
[Black "Abraham, John Z"]
[Result "1-0"]
[WhiteTitle "CM"]
[WhiteElo "2120"]
[BlackElo "2100"]
[WhiteFideId "13504649"]
[BlackFideId "30987318"]
[EventDate "2025.05.20"]

1. Nf3 Nf6 2. g3 d5 3. Bg2 c6 4. O-O Bg4 5. d3 Nbd7 6. h3 Bh5 7. Nbd2 e6 8. e4
Bd6 9. Qe2 Qc7 10. Re1 dxe4 11. dxe4 e5 12. b3 O-O 13. Bb2 b5 14. g4 Bg6 15. Nh4
a5 16. Nf5 Nc5 17. Rad1 Bxf5 18. exf5 Rfe8 19. g5 Nfd7 20. Ne4 Bf8 21. Ng3 Rad8
22. h4 f6 23. Ne4 Nxe4 24. Qxe4 c5 25. Qc6 Qxc6 26. Bxc6 Re7 27. Bxb5 Kf7 28.
Rd5 Ke8 29. Red1 fxg5 30. hxg5 h6 31. gxh6 g6 1-0

[Event "Titled Tue 20th May Late"]
[Site "chess.com INT"]
[Date "2025.05.20"]
[Round "2"]
[White "Plat, Vojtech"]
[Black "Toncheva, Nadya"]
[Result "1-0"]
[WhiteTitle "GM"]
[BlackTitle "FM"]
[WhiteElo "2482"]
[BlackElo "2332"]
[WhiteFideId "325740"]
[BlackFideId "2924056"]
[EventDate "2025.05.20"]

1. e4 c5 2. Nf3 Nc6 3. c3 d5 4. exd5 Qxd5 5. d4 Bg4 6. Be2 e6 7. h3 Bh5 8. c4
Qd7 9. d5 Bxf3 10. Bxf3 Nd4 11. O-O Nf6 12. Nc3 Be7 13. dxe6 fxe6 14. Nb5 Nxf3+
15. Qxf3 O-O 16. Rd1 Qc8 17. Qe2 Qc6 18. Re1 a6 19. Nc3 Bd6 20. Bg5 Rae8 21.
Rad1 Bc7 22. Bxf6 Rxf6 23. Qe4 Qxe4 24. Nxe4 Rf5 25. Rd7 Rc8 26. g4 Rf7 27. Rxf7
Kxf7 28. Rd1 Ke7 29. Nxc5 Be5 30. Nd3 Bd4 31. b3 e5 32. Kg2 Rf8 33. Re1 Kd6 34.
Re2 b5 35. cxb5 axb5 36. Ne1 Kd5 37. Nf3 Ra8 38. Ng5 h6 39. Ne4 Rf8 40. f3 Ra8
41. Rc2 Ra7 42. h4 Rf7 43. Kg3 Ra7 44. g5 hxg5 45. hxg5 Rf7 46. a4 bxa4 47. bxa4
Ra7 48. Ra2 g6 49. a5 Kc6 50. a6 Kb5 51. Nd6+ Kc6 52. Nc8 Ra8 53. Ne7+ Kb6 54.
a7 Rxa7 55. Nc8+ Kb7 56. Nxa7 Bxa7 57. Rc2 1-0

[Event "Titled Tue 20th May Late"]
[Site "chess.com INT"]
[Date "2025.05.20"]
[Round "2"]
[White "Alfaro, William"]
[Black "Goncharov, Vladimir"]
[Result "0-1"]
[WhiteTitle "FM"]
[WhiteElo "2077"]
[BlackElo "2077"]
[WhiteFideId "6100457"]
[BlackFideId "34162256"]
[EventDate "2025.05.20"]

1. e4 e6 2. d4 d5 3. e5 c5 4. c3 Nc6 5. Nf3 Nge7 6. Na3 Bd7 7. Nc2 Qa5 8. Bd2
Qb6 9. Rb1 cxd4 10. cxd4 Nf5 11. Bc3 Nb4 12. Nxb4 Bxb4 13. Bd3 Be7 14. O-O Bb5
15. Re1 Bxd3 16. Qxd3 O-O 17. g4 Nh4 18. Nxh4 Bxh4 19. Re2 Qa6 20. Qxa6 bxa6 21.
Bb4 Rfc8 22. Bc5 Bg5 23. b4 Rc6 24. Kg2 f6 25. exf6 Bxf6 26. a4 Kf7 27. a5 Be7
28. Rb3 Rb8 29. Rf3+ Ke8 30. g5 Bxc5 31. bxc5 Rb4 32. Rf4 Ke7 33. Re3 Rxc5 34.
Ref3 Rcc4 35. Rf7+ Kd6 36. Rxg7 Rxd4 37. Rxh7 Rg4+ 38. Kh3 Rxg5 39. Rff7 d4 40.
Rd7+ Kc5 41. Rxa7 d3 42. Rhd7 Rd5 43. Rxd5+ exd5 44. Rc7+ Kd4 45. Rc1 d2 46. Rd1
Kd3 0-1

[Event "Titled Tue 20th May Late"]
[Site "chess.com INT"]
[Date "2025.05.20"]
[Round "2"]
[White "Tamer Waguih, Farid"]
[Black "Grot, Blazej"]
[Result "1-0"]
[WhiteTitle "FM"]
[BlackTitle "CM"]
[WhiteElo "2206"]
[BlackElo "2217"]
[WhiteFideId "10685723"]
[BlackFideId "21835845"]
[EventDate "2025.05.20"]

1. Nf3 Nf6 2. d4 e6 3. e3 d5 4. Bd3 Bd6 5. b3 O-O 6. Bb2 b6 7. Nbd2 Bb7 8. Qe2
Nbd7 9. O-O c5 10. Ne5 Ne4 11. Nxe4 dxe4 12. Bc4 Bxe5 13. dxe5 Qg5 14. Qd2 Nxe5
15. Qc3 Nc6 16. h4 Qh6 17. Bb5 Rfd8 18. Rad1 Ne7 19. Rxd8+ Rxd8 20. Qe5 Nd5 21.
c4 Qf6 22. cxd5 Qxe5 23. Bxe5 exd5 24. Rd1 f6 25. Bb2 Kf7 26. f3 exf3 27. gxf3
Re8 28. Kf2 Re5 29. Bxe5 fxe5 30. e4 d4 31. Bc4+ Kf6 32. Bd5 Bc8 33. b4 cxb4 34.
Rc1 Bd7 35. Rc7 Ke7 36. Bc6 Kd6 37. Rxd7+ Kxc6 38. Rxg7 a5 39. Ke2 a4 40. Ra7 b5
41. Kd3 Kc5 42. Rc7+ Kb6 43. Re7 b3 44. axb3 a3 45. Rg7 Kc5 46. Rg1 Kb4 47. f4
exf4 48. e5 Kc5 49. Ke4 f3 50. Kxf3 Kd5 51. Kf4 Ke6 52. Ke4 d3 53. Kxd3 Kxe5 54.
Kc3 Kd5 55. Kb4 1-0

[Event "Titled Tue 20th May Late"]
[Site "chess.com INT"]
[Date "2025.05.20"]
[Round "2"]
[White "Petre, Nad-Titus"]
[Black "Mekhitarian, Krikor Sevag"]
[Result "0-1"]
[WhiteTitle "IM"]
[BlackTitle "GM"]
[WhiteElo "2299"]
[BlackElo "2564"]
[WhiteFideId "1204165"]
[BlackFideId "2107660"]
[EventDate "2025.05.20"]

1. Nf3 d5 2. g3 Nc6 3. d4 Bf5 4. Bg2 Nb4 5. Na3 e6 6. O-O Be7 7. c4 Nf6 8. Bf4
O-O 9. c5 h6 10. Nb5 Ne8 11. a3 Nc6 12. Ne5 Nxe5 13. Bxe5 c6 14. Nc3 g5 15. e4
Bg6 16. exd5 exd5 17. g4 Qd7 18. h3 f6 19. Bg3 f5 20. Be5 Nf6 21. f3 Rae8 22.
Qa4 a6 23. Rae1 Qc8 24. Qc2 Kh7 25. Qc1 Nd7 26. Bg3 Bf6 27. Bf2 f4 28. b4 Rxe1
29. Rxe1 Re8 30. Bf1 Nf8 31. Kh2 Qd7 32. Rxe8 Qxe8 33. Qd2 Ne6 34. Bd3 Kg7 35.
Bxg6 Qxg6 0-1

[Event "Titled Tue 20th May Late"]
[Site "chess.com INT"]
[Date "2025.05.20"]
[Round "2"]
[White "Sklokin, Sergey"]
[Black "Gubajdullin, Alexei"]
[Result "0-1"]
[WhiteTitle "FM"]
[BlackTitle "FM"]
[WhiteElo "2311"]
[BlackElo "2227"]
[WhiteFideId "55730230"]
[BlackFideId "4141202"]
[EventDate "2025.05.20"]

1. d4 Nf6 2. c4 c5 3. d5 e6 4. Nc3 exd5 5. cxd5 d6 6. Nf3 g6 7. Bf4 Bg7 8. e3
O-O 9. h3 a6 10. a4 Nh5 11. Bh2 f5 12. Bd3 Qe7 13. O-O Nd7 14. Re1 Ne5 15. Nxe5
Bxe5 16. Bxe5 Qxe5 17. f4 Qg7 18. Qf3 Bd7 19. g4 fxg4 20. hxg4 Nf6 21. g5 Nh5
22. Kg2 b5 23. Rh1 b4 24. Ne4 Qxb2+ 25. Nf2 Rae8 26. Rxh5 Qxa1 27. Rh1 Qc3 28.
Qg3 c4 29. Qh4 Re7 30. Be4 Qxe3 31. Bxg6 Rxf4 32. Bxh7+ Kh8 33. Qg3 Rxf2+ 34.
Qxf2 Qxf2+ 35. Kxf2 Rxh7 36. Re1 Rf7+ 37. Kg3 c3 38. Kh4 Kg7 39. g6 Kxg6 40.
Rg1+ Kh7 41. a5 c2 42. Kh5 b3 43. Rg2 b2 44. Rxc2 b1=Q 45. Rh2 Qf5+ 46. Kh4 Qg4# 0-1

[Event "Titled Tue 20th May Late"]
[Site "chess.com INT"]
[Date "2025.05.20"]
[Round "2"]
[White "Rostomyan, Mikayel"]
[Black "Goldin, Roman"]
[Result "1-0"]
[WhiteTitle "FM"]
[BlackTitle "FM"]
[WhiteElo "2325"]
[BlackElo "2296"]
[WhiteFideId "13313754"]
[BlackFideId "2803860"]
[EventDate "2025.05.20"]

1. d4 Nf6 2. Nf3 b5 3. e3 a6 4. c4 b4 5. a3 e6 6. Bd3 Bb7 7. O-O c5 8. axb4 cxb4
9. Re1 Qc7 10. e4 d6 11. Qa4+ Nbd7 12. Bf4 Bc6 13. Qxb4 e5 14. Bg3 Be7 15. Qc3
Nh5 16. Bh4 Bxh4 17. Nxh4 O-O 18. Nf5 g6 19. Ne7+ Kg7 20. Nd2 Ndf6 21. Nxc6 Qxc6
22. dxe5 dxe5 23. Qxe5 Rfe8 24. Qc3 Rad8 25. Rad1 Nf4 26. Nf3 Kg8 27. Bb1 Ng4
28. Rxd8 Rxd8 29. h3 Nh6 30. Qe3 1-0